Engineering thermodynamics (Record no. 8672)

MARC details
000 -LEADER
fixed length control field 00444nam a2200205Ia 4500
001 - CONTROL NUMBER
control field 084277
003 - CONTROL NUMBER IDENTIFIER
control field YMCAF
005 - DATE AND TIME OF LATEST TRANSACTION
control field 20230512161442.0
008 - FIXED-LENGTH DATA ELEMENTS--GENERAL INFORMATION
fixed length control field 100717s2002 ||||||||||||||||| ||und|d
024 ## - OTHER STANDARD IDENTIFIER
Standard number or code 84277
035 ## - SYSTEM CONTROL NUMBER
System control number 23737
040 ## - CATALOGING SOURCE
Original cataloging agency YMCAF
Language of cataloging eng
Transcribing agency IN-KoLT
041 ## - LANGUAGE CODE
Language code of text/sound track or separate title eng
082 ## - DEWEY DECIMAL CLASSIFICATION NUMBER
Classification number 621.402
Item number 1 ACH
100 ## - MAIN ENTRY--PERSONAL NAME
Personal name Achuthan, M
245 #0 - TITLE STATEMENT
Title Engineering thermodynamics
260 ## - PUBLICATION, DISTRIBUTION, ETC.
Name of publisher, distributor, etc. TMH
Date of publication, distribution, etc. 2002
300 ## - PHYSICAL DESCRIPTION
Extent 472
942 ## - ADDED ENTRY ELEMENTS (KOHA)
Source of classification or shelving scheme Dewey Decimal Classification
Koha item type Books
Holdings
Withdrawn status Lost status Damaged status Not for loan Home library Current library Date acquired Cost, normal purchase price Total Checkouts Barcode Date last seen Cost, replacement price Price effective from Koha item type Public note G
        JC Bose University of Science & Technology JC Bose University of Science & Technology 17/07/2010 295.00   WB445 12/05/2023 295.00 12/05/2023 Books C 601542
        JC Bose University of Science & Technology JC Bose University of Science & Technology 17/07/2010 295.00   23737 12/05/2023 295.00 12/05/2023 Books C LDL5639
        JC Bose University of Science & Technology JC Bose University of Science & Technology 17/07/2010 295.00   WB443 12/05/2023 295.00 12/05/2023 Books C 601542
        JC Bose University of Science & Technology JC Bose University of Science & Technology 17/07/2010 295.00   WB444 12/05/2023 295.00 12/05/2023 Books C 601542